Missing Word: Keanu Reeves Quiz Stats

Quiz Updated Jan 20, 2012

Challenge
Share
Tweet
Embed
Score 0/16 Timer 02:00
2 Plays Today
Keanu Reeves Movie Missing Word % Correct
The Day the Earth Stood _____Still
97.6%
The ______: ReloadedMatrix
93.8%
Much Ado About _______Nothing
93.1%
__________ Gotta GiveSomething's
89.4%
Bill and Ted's _________ AdventureExcellent
81.5%
Bram Stoker's _______Dracula
76.8%
______ AdvocateDevil's
73.1%
The Lake ____House
73.1%
Keanu Reeves Movie Missing Word % Correct
_________ LiaisonsDangerous
69.7%
Chain ________Reaction
65.3%
I Love You to _____Death
65%
Point ____Break
62.8%
______ MnemonicJohnny
51%
A ____ in the CloudsWalk
40.1%
Sweet ________November
21.1%
______ KingsStreet
13.5%

Today's Daily Dose

Missing Word
NPR Programs

Quick Pick
1991 Events

On This Day
June 18th II

You're not logged in!

Compare scores with friends on all Sporcle quizzes.
Join for Free
OR
Log In

You Might Also Like...

Show Comments

Extras

Top Quizzes Today


Score Distribution

Your Account Isn't Verified!

In order to create a playlist on Sporcle, you need to verify the email address you used during registration. Go to your Sporcle Settings to finish the process.

Report this User

Report this user for behavior that violates our Community Guidelines.

Details: